000 00272nam a2200121 a 4500
008 101025s1966|||| d
245 1 0 _aChlieb a hry
100 1 _aLenz, Siegfried
044 _axo
_cSK
041 _aslo
260 _bŠport
_aBratislava
_c1966
020 _c13
999 _c12142
_d12142